000 00439nam a2200133Ia 4500
008 210430s9999 xx 000 0 und d
020 _a0-8247-0203-4
082 _a660.39 M239 N
100 _aKrister Holmberg
_952539
245 _aNovel Surfactants: preparation, applications, and biodegradability /
_cKrister Holmberg
_b(Surfactant science series V-74)
260 _aNew york
_bMarcel Dekker,
_c1998
300 _a362p
942 _cBK
_2ddc
999 _c561827
_d561827